Liga Mistrzów 2024/2025 - nowy format - Statystyki

Ogólne statystyki
  • Ten quiz został rozwiązany 475 razy
  • Średni wynik to 22 z 36
Statystyki odpowiedzi
KLUB % Poprawnych
Real Madryt
97%
FC Barcelona
94%
Liverpool FC
88%
Manchester CIty
86%
Paris Saint-Germain
86%
Inter Mediolan
84%
Arsenal FC
83%
Bayern Monachium
82%
AC Milan
81%
Atletico Madryt
80%
Juventus FC
79%
Borussia Dortmund
78%
Bayer Leverkusen
71%
Aston Villa
70%
SL Benfica
66%
Sporting CP
65%
Girona FC
62%
PSV Eindhoven
61%
Atalanta Bergamo
59%
AS Monaco
54%
RB Lipsk
54%
BSC Young Boys
52%
LOSC Lille
51%
Stade Brestois 29
51%
Feyenoord
50%
Celtic FC
48%
Bologna FC
44%
Club Brugge
44%
Slovan Bratysława
44%
Sparta Praga
44%
FK Crvena Zvezda
43%
VfB Stuttgart
42%
RB Salzburg
39%
Dinamo Zagrzeb
38%
Szachtar Donieck
33%
Sturm Graz
28%
Nie znaleziono quizów pasujących do podanych kryteriów
Rozkład punktacji
Procent ludzi z każdym wynikiem
Percentyl według liczby udzielonych odpowiedzi
Twoja historia wyników
Nie rozwiązałeś tego quizu